00951nam a22002777a 4500008004100000020001500041040001800056041000800074060002600082100002600108245013800134250001100272260004300283300001800326500006600344650002800410650001300438650003800451650002400489650001700513650002300530700002000553700002800573700002100601765005100622130821s1995 sp gr spa  a8480192364 aCo-BoUCMbspa00aspa aQT 261bM113e 1a. ed. aMacdougall, J. Duncan00aEvaluación fisiológica del deportistacJ. Duncan MacDougall, Howard A. Wenger, Howard J. Green ; traducido Eduardo Iriarte Goñi a1a. ed aBarcelona (España)bPaidotriboc1995 a508 páginas aIncluye índice y bibliografía al final de cada capítulo04aAspectos fisiológicos04aDeportes04aDeportesxAspectos fisiológicos04aFisiología humana04aFisiología04aMedicina deportiva aGreen, Howard J aIriarte Goñi, Eduardo aWenger, Howard A tPhysiological testing of the high - Perfomance